LEADER 01424nam0 22004091i 450 001 CFI0442910 005 20231121125452.0 020 $aIT$b69-1093 100 $a20190109d1968 ||||0itac50 ba 101 | $aita$agrc 102 $ait 181 1$6z01$ai $bxxxe 182 1$6z01$an 200 1 $aIliade. Libro 1.$fa cura di Guglielmo Quaglia 205 $a2. ed. riv 210 $aMilano \etc.!$cDante Alighieri$d1968 215 $a130 p.$d20 cm. 225 | $aTraditio$i. Serie greca$v45 410 0$1001CFI0032297$12001 $aTraditio$i. Serie greca$v45 500 10$aIlias$3CFI0032303$9CFIV018814$913222 700 0$aHomerus$3CFIV018814$4070$0155559 702 1$aQuaglia$b, Guglielmo$3CFIV042455 790 0$aHomer$3AQ1V000332$zHomerus 790 0$aOmero$f $3CFIV023921$zHomerus 790 0$aGomer$3CFIV190232$zHomerus 790 0$aOmçros$3CFIV200481$zHomerus 790 0$aHomirus$3IEIV076086$zHomerus 790 0$aHom?ros$3SBNV037875$zHomerus 790 0$aHomère$3UFIV121655$zHomerus 801 3$aIT$bIT-01$c20190109 850 $aIT-FR0017 899 $aBiblioteca umanistica Giorgio Aprea$bFR0017 $eN 912 $aCFI0442910 950 0$aBiblioteca umanistica Giorgio Aprea$d 52MAG 15/340$e 52SBA0000250235 VMN RS $fA $h20190109$i20190109 977 $a 52 996 $aIlias$913222 997 $aUNICAS